Selected Letters of Ananda Coomaraswamy (Record no. 11330)

MARC details
000 -LEADER
fixed length control field 00590nam a2200229 a 4500
020 ## - INTERNATIONAL STANDARD BOOK NUMBER
ISBN
082 00 - DEWEY DECIMAL CLASSIFICATION NUMBER
Classification number 181.4
Author Cutter COO2
100 ## - MAIN ENTRY--AUTHOR NAME
Author name Coomaraswamy, Ananda K
245 ## - TITLE STATEMENT
Title Selected Letters of Ananda Coomaraswamy
260 ## - PUBLICATION, DISTRIBUTION, ETC. (IMPRINT)
Place of publication Delhi
Name of publisher Oxford University Press
Year of publication 1988
300 ## - PHYSICAL DESCRIPTION
Number of Pages 479p
500 ## - GENERAL NOTE
General note includes index and biblioraphy
505 2# - FORMATTED CONTENTS NOTE
Formatted contents note Bibliography, General Index
650 ## - SUBJECT ADDED ENTRY--TOPICAL TERM
Topical Term Philosophy-India
942 ## - ADDED ENTRY ELEMENTS (KOHA)
Koha item type Books
Holdings
Collection code Home library Current library Date acquired Cost, normal purchase price Full call number Accession Number Koha item type
  Henry Martyn Institute Library Henry Martyn Institute Library 08/01/2007 250.00 181.4 COO2 016848 Books
                   Copyright © 2026 | Henry Martyn Institute | Hyderabad | TS-500052 | INDIA | Implemented by hmi.edu.in
Hit-Count:

Powered by Koha